000 00392nam a2200169Ia 4500
005 20250603145139.0
008 250603s9999 xx 000 0 und d
020 _a0- 256- 25982- 8
050 _aHF 1009.5 .C35/
100 _aPhillip R. Cateroa
245 0 _aInternational marketing
250 _a10th ed.
260 _bMCGraw Hill
260 _c1999
300 _a721 p
942 _cBK
999 _c41015
_d41015